Statistics for Lonely Planet's Best in Travel - Top 10 Cities

Click here to take the quiz!

General Stats

  • This quiz has been taken 227 times
    (225 since last reset)
  • The average score is 44 of 93

Answer Stats

AnswerCountry% Correct
New YorkUSA
92%
RomeItaly
90%
ParisFrance
89%
LondonUK
87%
LisbonPortugal
86%
DelhiIndia
85%
DublinIreland
85%
Mexico CityMexico
83%
MumbaiIndia
83%
AmsterdamNetherlands
79%
Los AngelesUSA
79%
TorontoCanada
78%
Cape TownSouth Africa
77%
AucklandNew Zealand
76%
OsloNorway
76%
VancouverCanada
76%
San FranciscoUSA
75%
SeoulSouth Korea
75%
ShanghaiChina
74%
BeijingChina
73%
MilanItaly
73%
MoscowRussia
73%
StockholmSweden
73%
ZurichSwitzerland
73%
ManchesterUK
72%
SevilleSpain
72%
ChicagoUSA
71%
QuitoEcuador
71%
ViennaAustria
70%
MontrealCanada
69%
WellingtonNew Zealand
69%
SantiagoChile
68%
IstanbulTurkey
65%
CanberraAustralia
64%
GlasgowUK
61%
AdelaideAustralia
59%
Washington DCUSA
59%
VallettaMalta
58%
AntwerpBelgium
57%
RotterdamNetherlands
57%
ValenciaSpain
56%
Abu DhabiUAE
55%
KyotoJapan
54%
BeirutLebanon
53%
ChristchurchNew Zealand
53%
HamburgGermany
52%
Hong KongChina
52%
MuscatOman
52%
RigaLatvia
52%
Tel AvivIsrael
52%
Addis AbabaEthiopia
51%
Sao PauloBrazil
50%
SarajevoBosnia & Herzegovina
50%
WarsawPoland
50%
DarwinAustralia
48%
CorkIreland
43%
HobartAustralia
40%
SingaporeSingapore
39%
BangaloreIndia
34%
BordeauxFrance
34%
ChennaiIndia
34%
Chiang MaiThailand
32%
OrlandoUSA
32%
PortlandUSA
32%
DetroitUSA
31%
GhentBelgium
29%
NashvilleUSA
29%
HyderabadIndia
25%
NewcastleAustralia
24%
KotorMontenegro
17%
San JuanUSA
17%
TangierMorocco
16%
George TownMalaysia
14%
CharlestonUSA
11%
CadizSpain
9%
LondonderryUK
9%
FremantleAustralia
8%
IquitosPeru
8%
LecceItaly
8%
PlovdivBulgaria
8%
SalisburyUK
8%
TrinidadCuba
8%
ZermattSwitzerland
8%
KaohsiungTaiwan
7%
CuencaEcuador
5%
MeridaMexico
4%
OhridMacedonia
4%
GuimaraesPortugal
3%
GuanajuatoMexico
1%
MateraItaly
1%
Puerto IguazuArgentina
1%
El ChaltenArgentina
0%
PistoiaItaly
0%

Score Distribution

Percentile by Number Answered

Percent of People with Each Score

Your Score History

You have not taken this quiz since the last reset